[Event "EU-chT (Men) 13th"]
[Site "Leon"]
[Date "2001.11.15"]
[Round "9.2"]
[White "Miezis, Normunds"]
[Black "Arizmendi Martinez, Julen Luis"]
[Result "0-1"]
[WhiteElo "2501"]
[BlackElo "2503"]
[Annotator "Arizmendi,J"]
[PlyCount "78"]
[EventDate "2001.11.06"]
[EventType "team-swiss"]
[EventRounds "9"]
[EventCountry "ESP"]
[SourceTitle "CBM 086"]
[Source "ChessBase"]
[SourceDate "2002.02.05"]
[SourceVersion "1"]
[SourceVersionDate "2002.02.05"]
[SourceQuality "1"]
[WhiteTeam "Latvia"]
[BlackTeam "Spain II"]
[WhiteTeamCountry "LAT"]
[BlackTeamCountry "ESP"]

1. c4 {Psakhis} e6 {This is not my usual response to 1.c4, but GM Miezis is
known for always going for 2.e4, a move which did not scare me too much, as I
have played those same positions as white.} 2. e4 d5 3. exd5 exd5 4. d4 Nf6 {
Another plausible move order is 4...Bb4+, although then 5.Bd2 must be taken
into account as well (which should be equal also).} 5. Nc3 Bb4 {(0,03)} 6. Bd3
O-O 7. Nf3 dxc4 {Once the light-squared bishop has moved, this exchange is
fully justified.} 8. Bxc4 Bg4 (8... c5 $5 9. O-O cxd4 (9... Nc6 10. dxc5 Bxc5
11. Bg5 Bg4 12. Nd5 Bd4 13. Re1 h6 14. Bxf6 Bxf6 15. h3 Bh5 16. g4 Bg6 17. Qd2
Qd6 18. Rad1 Rad8 19. b4 a6 20. a4 $14 {1-0 Miezis,N-Nas,F/Dianalund IM 2000 
(27)}) 10. Nxd4 Bg4 11. f3 Bh5 12. Be3 Nbd7 13. Nd5 Nxd5 14. Bxd5 Nf6 15. Bb3
Re8 $11 {1/2-1/2 Milov,V-Christiansen,L/Essen 1999/CBM 71 (40)}) 9. Be3 Nc6 {
Insisting on the main idea in this variation: pressure against the isolated
<d4> pawn. Psakhis,L: 'Many many years ago I played in this position'} (9...
Nd5 $5 {and got better chances after} 10. O-O Bxc3 11. bxc3 Nxc3 12. Qb3 Bxf3
13. gxf3 b5 $1 14. Bd3 Nd5 15. Qxb5 Nxe3 16. fxe3 Nd7 17. Rac1 c5 $1 18. Be4
Rb8 19. Qd3 Rb2 {1/2-1/2 Gulko,B-Psakhis,L/USSR-ch Riga 1985 (72)}) 10. O-O {
A theoretical position has now been reached, one which I have played several
times as white. Approximately a year ago, while showing this line to a pupil,
he asked me about 10...Rb8, with the idea of defending the <b7> pawn, thus
attacking the <d4> pawn. I could not find an adequate answer. So, why not give
it a try?} Rb8 $5 $146 {'!?' Psakhis,L. Psakhis,L: 'This move looks little bit
strange, but not bad at all.Arizmendi Martinez protects b7 pawn and seriously
threating to take on f3' Interesante novedad de Gascó.(0,13)} (10... Bxf3 $6
11. Qxf3 Nxd4 12. Qxb7 $14) 11. Be2 (11. a3 {seems logical, but it only helps
black, as after} Ba5 $1 {followed by Bb6 at some point, the white <d> pawn
will find itself in a precarious situation. The move chosen by the Lithuanian
GM is the normal one, but it in no way can be a refutation of 10...Rb8.}) 11...
Nd5 12. Bg5 (12. Qb3 {Should be the right move, but then black does have the
chance to force a draw if he so wishes.} Bxc3 13. bxc3 Nxe3 14. fxe3 Qe7 {
The <e3> pawn is an accesible weakness in white´s camp.} 15. c4 Rbe8 16. Kf2
Bxf3 (16... f5 {is a go for a black advantage, but it is not clear.} 17. Rae1
f4 $6 18. exf4 Bxf3 19. Bxf3 Qh4+ 20. g3 Qxh2+ 21. Bg2 Nxd4 22. Qd3 Ne6 23.
Rxe6 $1 Rxe6 24. Qd5 Qh6 25. Rh1 Qf6 26. Re1 $18) 17. Bxf3 Na5 18. Qc3 Nxc4 19.
Qxc4 Qxe3+ 20. Kg3 Qg5+ $11 {A forced variation right out of the opening, a
rare thing so early in the game.}) 12... Qd7 {(1,01)} 13. Rc1 (13. Qb3 Be6)
13... h6 $1 {This way I get the chance to use the <f6> square later on.} (13...
Rbe8 {Is less clear.} 14. h3 Rxe2 15. Qxe2 Nxd4 16. Qe4 Nxf3+ 17. gxf3 Bxc3 18.
fxg4) 14. Bd2 Rbe8 {I could not make up my mind up as to which rook should go
to <e8>. At the end, I decided to keep all my pieces together, so that they
could defend each other. Psakhis,L: 'Black did well in opening and , possibly ,
his position is already slightly better.'} (14... Rfe8 $5) 15. h3 (15. Nxd5 {
Fritz´s move, but not a very good one.} Qxd5 (15... Bxd2 16. Nf6+ gxf6 17. Qxd2
Nxd4 18. Nxd4 Rxe2 19. Qf4 {Is very good for white.}) 16. Bxb4 Nxb4 17. Rxc7 {
Otherwise there is no compensation for white´s inferior pawn structure.} Nc6 $1
{Preparing an exchange sacrifice on <e2>. Also, Bc8 might be a threat,
trapping the rook.}) 15... Rxe2 $1 {Psakhis,L: 'Cool move' (1,42)} 16. Qxe2 $2
{This should give black a clear edge, but the alternative is still better for
black.} (16. hxg4 Re6 {And black has the better pawn structure and piece
coordination.}) ({Black will have more than enough compensation for exchange
after} 16. Nxe2 $6 Bxf3 17. gxf3 Bxd2 18. Qxd2 Qxh3 $44 {[%csl Gd5,Gh3]}) 16...
Nxd4 17. Qe4 (17. Qd3 Nxc3 $1 18. Nxd4 Ne2+ 19. Kh1 Nxc1 $17 {Black will at
least remain a pawn up.}) (17. Qe5 $5) 17... Nxf3+ $2 {The natural move, but a
bad one.} (17... Bxc3 $1 {was correct, and black is better in all variations.}
18. Nxd4 (18. Bxc3 Nxf3+ 19. gxf3 Bxh3 $17 {Two pawns, a bishop and a weakened
king position is too high a price for a rook.}) (18. hxg4 Re8 19. Qd3 Nb4 20.
Qc4 Nxf3+ 21. gxf3 Bxd2) (18. Qxg4 f5 19. Qh5 Nf6 20. Ne5 Qb5 {winning}) 18...
Bxd2 $17 19. Rc2 (19. Qxg4 Qxg4 20. hxg4 Bxc1 21. Rxc1 $17) 19... Nf6 20. Qd3
Bf5 $1 {Of course, looking at all this with Fritz, life seems so much easier.})
18. gxf3 Nf6 {I had seen this when playing 13...h6, but it is only good for a
draw. (1,46)} (18... Bxc3 19. Qxg4 f5 (19... Qxg4+ 20. fxg4 Bxd2 21. Rcd1 Ne3
22. fxe3 Bxe3+ 23. Kg2 $11) 20. Qc4 {con compensación más que suficiente,
aunque no es tan claro como antes.}) ({leads to equal chances after force} 
18... Be6 19. Nxd5 Bxd2 20. Rcd1 Bxd5 21. Rxd2 c6 $11) 19. Qf4 $2 {Strange
error from Miezis. Now white´s position is completely lost.} (19. Qxb4 {
only move} Bxf3 20. Qf4 Qxh3 21. Qh2 Qg4+ 22. Qg3 Qh5 23. Qh2 $11 {and draw.})
19... Bxh3 $1 (19... Bd6 20. Qa4 Qxa4 21. Nxa4 Bxh3 {esto es complicado,
aunque seguramente mejor para las negras.}) 20. Rfd1 Bd6 21. Qh4 Qf5 22. f4 {
there is nothing else to do to stop all the threats.} g5 $1 23. Qg3 (23. fxg5
Qf3) 23... Kh7 {23...Nh5 also wins easily, but time trouble was looming, so I
decided to keep on attacking. (1,55)} 24. Kh2 (24. Nb5 Bxf4 25. Bxf4 gxf4)
24... gxf4 25. Qh4 f3+ 26. Kh1 Bg2+ {Simple chess.} 27. Kg1 Ng4 28. Bxh6 Bh2+ {
(1,58)} 29. Qxh2 Nxh2 30. Rd5 (30. Bxf8 {against this I had planned} Bf1 {
and mate in a few moves.}) 30... Qh3 31. Ne4 Qxh6 (31... Kxh6 $1 {is easier})
32. Rcc5 Ng4 {The the only worry is to reach time control.} 33. Rh5 f5 {(1,59)}
(33... Re8) 34. Rxc7+ Kg6 35. Rxh6+ Kxh6 36. Nd6 Kg5 (36... Kg6) 37. Rxb7 Kg6
38. Re7 Rh8 39. Re6+ Nf6 {(1,59)} 0-1

[Event "Olympiad-37"]
[Site "Turin"]
[Date "2006.06.04"]
[Round "13"]
[White "Kuderinov, Kirill"]
[Black "Atalik, Suat"]
[Result "1/2-1/2"]
[WhiteElo "2442"]
[BlackElo "2632"]
[Annotator "Atalik,S"]
[PlyCount "150"]
[EventDate "2006.05.21"]
[EventType "team-swiss"]
[EventRounds "13"]
[EventCountry "ITA"]
[SourceTitle "CBM 113"]
[Source "ChessBase"]
[SourceDate "2006.07.31"]
[SourceVersion "1"]
[SourceVersionDate "2006.07.31"]
[SourceQuality "1"]
[WhiteTeam "Kazakhstan"]
[BlackTeam "Turkey"]
[WhiteTeamCountry "KAZ"]
[BlackTeamCountry "TUR"]

1. e4 e6 2. d4 d5 3. exd5 {A tough line for a last round game when there is
win-win situation.} exd5 4. Nf3 Nf6 5. Bd3 Be7 6. O-O Bg4 7. Re1 O-O 8. Bg5 h6
9. Bh4 Nc6 10. c3 Re8 11. Nbd2 Nh5 12. Bg3 $6 {An unnecessary finesse.} (12.
Bxe7 Nxe7 (12... Rxe7 13. Rxe7 Nxe7 14. Qb3 (14. h3 Nf4 15. Bf1 Bf5 16. Qb3 $14
)) 13. Qb3 Nf4 14. Bf1 Rb8 15. Re3 $140 Be6) 12... Nxg3 13. hxg3 a6 14. Qc2 (
14. Qb3 Qd7 15. Re3 b5 16. Rae1 Be6 17. Qc2 Bd6 18. Nh4 Ne7 $11) 14... Qd7 15.
Nf1 Bf8 16. Ne3 Be6 17. Qd2 g6 18. Re2 Bg7 19. Rae1 b5 $6 {Too aggressive.} (
19... b6 $142 20. Bc2 Rad8 $17) 20. Bc2 Rad8 21. Qd3 Ne7 22. Nd2 c5 23. Nf3 (
23. dxc5 Nc6 (23... d4 $6 24. cxd4 Bxd4 (24... Qxd4 25. Qxd4 Bxd4 26. Ne4 $16)
25. Qa3 $16) 24. Nf3 d4 $44 {transposes to the text.}) 23... Nc6 (23... Qd6 $5)
(23... c4 $2 24. Qd2 $16) (23... cxd4 24. Nxd4 Nc6 25. Nxe6 (25. Qd2 $6 Nxd4
26. cxd4 Qa7 27. Rd1 $15) 25... Rxe6 26. Bb3 Rd6 27. Nc2 d4 $11) 24. dxc5 d4
25. cxd4 Bxd4 $1 {The position required a lot of calculation.} (25... Nxd4 $2
26. Nxd4 Bxd4 (26... Qxd4 27. Qxd4 Bxd4 28. c6 (28. Bb3 Bxb3 29. axb3 Bxc5)
28... Bxb2 29. c7 Rc8 (29... Rd7 30. Bb3 Bg7 31. Nd5) 30. Nd5 Kg7 31. Bb3 Ba3
32. Rc2 $16) 27. b4 (27. Ng4 $2 Qc8 28. Qf3 Bxg4 29. Rxe8+ Rxe8 30. Rxe8+ Qxe8
31. Qxg4 Qe1+ 32. Kh2 Qxf2 33. Qd1 Bxc5 $19) 27... Qc6 28. Qa3 a5 29. Qxa5 Ra8
30. Qb6 Qxb6 31. cxb6 Bxb6 32. Nd5 Reb8 33. Nxb6 Rxb6 34. Bxg6 Ra4 35. a3 Rxa3
$14) 26. Ng4 Bxb2 $4 {Blunderescu!I was playing way too slow and it should not
make a pretext but when dickhead Sulypa forced our ladies team to make a draw
after the first moves against a much weaker SwedenI was upset.} (26... Bg7 $2
27. Qxd7 Bxd7 28. Nge5 $16) (26... Qe7 $2 27. Rxe6) (26... Qc8 27. Nxd4 $1 Nxd4
28. Nf6+ $18) (26... Kg7 $1 27. Nge5 $1 (27. Qd2 Bxg4 28. Rxe8 Rxe8 29. Rxe8
Bxf3 $19) (27. Nxd4 Qxd4 28. Rxe6 Rxe6 29. Rxe6 Qxd3 30. Bxd3 fxe6 31. Be4 Rd1+
32. Kh2 Ne7 $17) 27... Qc7 28. Qa3 Bxe5 29. Nxe5 Nd4 30. Rd2 Bc4 $1 $40) 27.
Nxh6+ Kg7 28. Qxd7 Bxd7 (28... Rxd7 $2 29. Nxf7 $1 Kxf7 30. Ng5+ $18 (30. Rxe6
$18) (30. Bxg6+ Kxg6 31. Rxe6+ Rxe6 32. Rxe6+ Kf5 33. Rxc6 Rd1+ 34. Kh2 Rc1 35.
Rxa6 Rxc5 $18)) 29. Nxf7 Kxf7 $138 (29... Rxe2 $5 30. Rxe2 Kxf7 31. Bb3+ Kf6
32. Rxb2 Be6 $44) 30. Bb3+ Kf6 31. Rxb2 Rxe1+ 32. Nxe1 a5 $1 $16 {I was very
lucky that after blundering two pawns I was still not completely gone.} (32...
Bf5 33. f3 g5 34. Kf2) 33. a3 Be8 34. f4 b4 35. Ba4 $4 {Playing extremely fast
the Kazakh Dude blundered back.} (35. axb4 Nxb4 36. Re2 a4 37. Re6+ Kg7 38. Rb6
Nd3 39. Nxd3 Rxd3 $132) 35... Nd4 $1 36. Bxe8 Rxe8 37. Nf3 $2 (37. axb4 Rxe1+
38. Kf2 Rc1 39. bxa5 Rxc5 40. Ra2 Rc7 41. a6 Ra7 42. g4 Nc6 43. Kg3 $11 {
should be a safe draw.}) 37... Nxf3+ $2 (37... Re2 {Of course this was the
move.} {All of a sudden I have got stuck with the idea that what will happen
if he simply goes back.} 38. Nd2 (38. Rxe2 $2 Nxe2+ 39. Kf2 bxa3 40. c6 Ke7 41.
Ne5 Kd8 $19 {is simple.}) 38... bxa3 (38... b3 39. a4 Ke6 40. Kf1 Kd5 41. g4
Re3 42. c6 $1 Kxc6 43. f5 $11) 39. Ra2 Ke6 (39... Nb3 40. Rxa3 Nxd2 41. Rxa5
$11) 40. Kf1 Kd5 41. c6 Kxc6 42. Rxa3 Rxd2 43. Rxa5 $11) 38. gxf3 bxa3 39. Ra2
Re3 40. Kf2 (40. c6 {I have forgotten due to lack of time his ideas connected
with simply pushing his pawn.} Rxf3 41. Rc2 a2 42. Rxa2 Rxg3+ 43. Kf2 Rc3 44.
Rxa5 Rxc6 $11) 40... Rb3 41. Ra1 Ke6 42. c6 Kd6 (42... Rc3 43. Re1+ Kd6 44. Re5
Rxc6 45. Rxa5 $11) 43. Rc1 Kc7 44. g4 (44. Rc5 a4 45. Rc4 a2 46. Rxa4 Rb2+ 47.
Ke3 Kxc6 48. Kd3 Kb5 $11) 44... a2 45. Ra1 Ra3 $2 {Here comes more
miscalculations.} (45... Rb2+ 46. Ke3 (46. Kg3 Kxc6 47. f5 (47. Kh4 Kd5 48. f5
(48. Kg5 $2 Kc4 49. Kxg6 (49. f5 gxf5 50. gxf5 Kb3 51. f6 Rb1 52. Rxa2 Kxa2 53.
f7 Rb8 $19) 49... Kb3 50. f5 Rb1 51. Rxa2 Kxa2 52. f6 a4 53. f7 Rb8 54. g5 a3
55. Kh7 Kb2 56. g6 a2 57. g7 a1=Q 58. g8=Q (58. f8=Q Qh1+ 59. Kg8 Qh2 60. Kf7
Qf4+) 58... Qh1+ 59. Kg7 Qg2+ 60. Kh7 Qh3+ 61. Kg7 Qg3+ 62. Kh7 Qh4+ 63. Kg7
Qg5+ 64. Kh7 Qf5+ 65. Kg7 Rb6 66. Qd8 Qe5+ 67. Kh7 Qh5+ 68. Kg8 (68. Kg7 Qh6+
69. Kg8 Rg6#) 68... Rg6+ 69. Kf8 Qh8+ 70. Ke7 Re6+ $19) 48... gxf5 49. gxf5 Ke5
50. Kg4 a4 51. Re1+ Kf6 52. Ra1) 47... gxf5 48. gxf5 Kd6 49. Kf4 $11) 46...
Kxc6 47. f5 gxf5 48. gxf5 Kd6 49. Kf4 Ke7 50. Ke5 Kf7 51. f6 a4 52. f4 a3 53.
Kf5 $11) 46. f5 gxf5 47. g5 $1 Kd6 $3 {The only move to survive.} (47... Kxc6
$2 48. g6 Rd3 49. Rxa2 Rd8 (49... Rd6 50. Rxa5 Rxg6 51. Ra6+ $18) 50. Rxa5 f4
51. Rg5 Kd6 52. Kg2 Ke6 53. Kh3 $18) 48. Kg3 Ke6 49. c7 Rc3 50. Rxa2 Kf7 $1 (
50... Rxc7 51. Rxa5 Rc3 52. Ra6+ Ke5 53. Ra1 Ke6 54. Re1+ Kf7 55. Kf4 Kg7 56.
Re5 $18) 51. Kh4 $1 (51. Kf4 Kg6 52. Rxa5 Rc4+ 53. Ke5 Rxc7 54. Ra6+ (54. f4
Re7+) 54... Kxg5 55. f4+ Kg4 56. Rg6+ Kf3 $11) 51... Kg6 {Just in time.} (51...
Rc4+ $2 52. Kh5 Rc1 53. g6+ Kf6 54. Ra4 $3 $18) 52. f4 Rxc7 53. Rxa5 Rc6 $8 $11
{All black has to do is just to keep his pieces on the 6th rank.} (53... Rc3
54. Ra6+ Kg7 55. Rf6 Rc5 56. Kh5) 54. Ra8 Rb6 55. Rg8+ Kh7 56. Rf8 Kg6 57. Kg3
Ra6 58. Kf3 Ra3+ 59. Ke2 Ra2+ 60. Kd3 Ra3+ 61. Kc2 Ra6 62. Kc3 Re6 63. Rd8 Kh5
$1 {If you even can counterattack why not?} 64. Rd4 Kg4 65. Kc4 Re8 66. Kd5 Kh5
$5 {With his king cut I have decided to return.} 67. Kd6 Kg6 68. Rc4 Kh5 69.
Kd5 Kg4 70. Kd6 Kh5 71. Rc5 Kg4 72. Kd7 Ra8 $4 {I even spoiled this one.I
indeed started to get tired in the last games by playing all my games in the
olympiads.} (72... Re1 73. Rc4 Kh5 $11) 73. Ke6 $2 {Playing very fast he also
does not notice the difference.} (73. Rc4 Ra6 (73... Kh5 74. Ke6 Kg6 75. Rc6
Ra5 76. Ke7+ Kg7 77. Rf6 $18) (73... Ra7+ 74. Ke6 Ra6+ 75. Kf7 Ra7+ 76. Kg6
Ra6+ 77. Kh7 Ra7+ 78. Kh6 $18) 74. Ke7 Rb6 (74... Kh5 75. Kf7 $18) 75. Kf7 Kh5
76. Rc1 $1 (76. Rc5 $2 Kg4 77. g6 Kxf4 78. g7 Rb7+ 79. Kg6 Rb6+ 80. Kh7 Rb7 (
80... Rb8 $11) 81. Kh8 Rb8+ 82. g8=Q Rxg8+ 83. Kxg8 Kg4 $11) 76... Ra6 (76...
Kg4 77. Rf1 Rb7+ 78. Kf6 Rb6+ 79. Kg7 Kh5 80. Rg1 $18) 77. Rg1 $18) 73... Kxf4
$11 {Now it is a dead draw.} 74. Rxf5+ Kg4 75. Re5 (75. Rd5 Kh5 (75... Rg8 76.
Kf6 Kh5 $1 77. g6+ Kh6 78. Rg5 Rf8+ 79. Ke7 Kxg5 80. Kxf8 Kxg6 $11) (75... Ra6+
76. Kf7 Kh5 77. g6+ Kh6 78. Rd1 Ra7+ $11)) 75... Re8+ {That was not my day!}
1/2-1/2

[Event "Veliko Gradiste Silver Lake op"]
[Site "Veliko Gradiste"]
[Date "2016.06.20"]
[Round "3"]
[White "Nestorovic, Nikola"]
[Black "Atalik, Suat"]
[Result "1-0"]
[WhiteElo "2485"]
[BlackElo "2572"]
[Annotator "Atalik,S"]
[PlyCount "119"]
[EventDate "2016.06.19"]
[EventType "swiss"]
[EventRounds "9"]
[EventCountry "SRB"]
[SourceTitle "CBM 174"]
[Source "ChessBase"]
[SourceDate "2016.09.13"]
[SourceVersion "1"]
[SourceVersionDate "2016.09.13"]
[SourceQuality "1"]

1. e4 e6 2. d4 d5 3. exd5 exd5 4. Nf3 Nf6 5. Bd3 Be7 (5... c5 6. O-O c4 7. Re1+
Be7 8. Bf1 O-O $13) 6. h3 O-O 7. Nc3 (7. O-O c5 8. dxc5 Bxc5 9. Nbd2 Nc6 10.
Nb3 Bb6 11. c3 Ne4 {Bakre-Atalik,Oberwart 2005.}) 7... Nc6 $6 (7... c5 {
It is rather hard to explaine why I neglected my favourite move c5.} 8. dxc5
Bxc5 9. O-O h6 10. Bf4 Nc6) 8. a3 Be6 9. O-O Ne8 $146 10. Ne2 Bf6 (10... Nd6
11. Nf4) 11. c3 g6 (11... Nd6 12. Nf4) 12. Bh6 Ng7 (12... Bg7 13. Qd2) 13. Nf4
Re8 14. Re1 Qd6 $16 {In the second game of the day things did not go well for
me in the opening:Black has a confined position.} 15. Nxe6 $6 {This gives
Black's pieces some room.} (15. Qb3 Na5 16. Qb4 Qb6 17. Re2 $16) 15... Nxe6 16.
Qd2 Bg7 17. g3 Na5 18. Bxg7 Nxg7 19. Rxe8+ (19. Rad1 Nc4) 19... Rxe8 20. Re1
Rxe1+ 21. Qxe1 Nc6 22. Kg2 Ne6 23. h4 h5 24. Qe3 Kg7 $11 {These positions are
more for the knights so White should be very careful not to overplay his hand.}
25. b4 f6 26. a4 Ne7 27. b5 $6 (27. a5 b6 28. axb6 cxb6 $6 (28... axb6 $11) 29.
b5 Nc7 $13) 27... c6 $1 {After this correct approach White should be careful.}
(27... a6 28. bxa6 bxa6 29. a5 Nc6 30. Bxa6 Nxa5 $11) 28. c4 dxc4 29. Bxc4 Nc7
30. bxc6 Ncd5 31. Qb3 Qxc6 32. a5 Nc7 (32... b6 33. axb6 (33. a6 $2 Nc7) 33...
axb6 $11) 33. Qb4 Kf8 (33... Nf5 $2 34. Qc5 Qxc5 35. dxc5 Ne7 36. Nd4 f5 37.
Kf3 Kf6 38. Ke3 $14 (38. Kf4 Ncd5+)) 34. Ba2 Ncd5 (34... g5 $2 35. Qd2 $18 (35.
hxg5 fxg5 36. Qb3 Ned5 37. Kh2 $16)) 35. Qb3 a6 $15 {After some inexactitudes
Black has the upper hand.} 36. Qb2 Kg7 ({To transfer the king to the other
side of the board à la Lasker is worth considering.} 36... Ke8 $5 37. Qa3 Kd8)
(36... Qb5 37. Qxb5 axb5 38. Nd2 Nb4 39. Be6 Nec6 40. Nb3 Ke7 41. Bc8 Nd8 42.
Nc5 Nbc6 43. Bxb7 Nxa5 44. Ba6 b4 45. Kf3 b3 46. Bd3 g5 47. Ke3 Ndc6 48. hxg5
fxg5 49. Ne4 g4 50. Kd2 Nxd4 51. Kc3 Nac6 52. Nc5 $11) 37. Qb3 Qc7 38. Bb1 $2
$138 {A bad move in time trouble.} (38. Qa3 $1 Qc3 (38... Nc3 39. Bc4 $1) 39.
Qd6 Qxa5 40. Bxd5 Nxd5 41. Qd7+ Kf8 42. Qc8+ Kf7 43. Qxb7+ Ne7 44. d5 $1 $11)
38... Qc6 $2 {Missing a straightforward win.} (38... Qxa5 $1 39. Qxb7 Qb4 $1
40. Qxb4 Nxb4 41. Nd2 f5 $1 (41... a5 42. Kf3 a4 43. Nc4 Ned5 44. Na3 Nc3 45.
Be4 $15) 42. Nc4 (42. Kf3 Ned5 43. Nc4 Nc6 $1 $19) 42... Nec6 $19) 39. Ba2 Qb5
$5 {A good idea with a bad follow up.} (39... b6 40. axb6 Qxb6 41. Qa3 $1 $11)
40. Qxb5 axb5 41. Nd2 $1 Nb4 $2 {There is no need to invite the bishop in,I
have botched up my position in a couple of moves!} (41... f5 42. Kf3 (42. Bxd5
Nxd5 43. Nb3 Kf6 44. Nc5 b6 45. axb6 Nxb6 $17) (42. Nb3 Nc3) 42... Kf6 $5 (
42... Nb4 43. Be6 Kf6 44. Bd7 Nec6 45. Bxc6 (45. Nb3 $2 Na7 $1 46. Nc5 Ke7 47.
Be6 Nac6 48. Ke3 Nxa5 49. Bg8 b6 $17) 45... Nxc6 46. Nb3 Ke6 47. Ke2 Kd5 48.
Kd3 $11) 43. Bb3 (43. Bxd5 $6 Nxd5 44. Nb3 Ke7 45. Ke2 Kd6 46. Nc5 b6 47. axb6
Nxb6 $17) 43... Ke6 44. Ke2 Kd6 45. Nf3 Nc6 46. Kd3 Ncb4+ (46... Nxa5 $2 47.
Bxd5 Kxd5 48. Ne5 b4 49. Nxg6 $16) 47. Ke2 Nc6 $11) 42. Be6 f5 (42... Nf5 $5
43. Bxf5 (43. d5 Nd6 44. Kf3 f5 45. Ke3 Kf6 46. Kd4 Na6 47. Nb3 b4 $132) 43...
gxf5 44. Nb3 Nd5 45. Kf3 Kf7 46. Ke2 f4 $1 47. gxf4 f5 $44) (42... Nec6 43. Nb3
Kf8 44. Bc8 Nd8 45. Kf3 Ke7) 43. Bd7 Nbc6 $2 {The last mistake!} (43... Nec6 $1
44. Nb3 (44. Bxc6 Nxc6 45. Nb3 Kf6) 44... Kf7 $1 {After this the bishop is in
dire straits.} (44... Kf6 $2 45. Be8 $1 Na7 46. Nc5 Nbc6 47. Nxb7 b4 48. Bxc6
Nxc6 49. d5 Nb8 50. Nc5 Na6 51. Nd3 b3 52. Kf3 Nb4 53. Ke3 $18) 45. Bc8 $8 (45.
Kf3 $2 Na7) (45. d5 Nxd5 46. a6 Ke7 47. Nc5 Nb6 $1 $19) 45... Nd8 46. Kf3 Ke7
47. Kf4 Kf6 $1 (47... Kd6 48. Kg5 Kc7 {looks very risky.} 49. Kxg6 Kxc8 50.
Kxh5 Nd5 51. Kg6 Ne7+ 52. Kf6 Kd7 53. Nc5+ Kd6 54. h5 b4 55. h6 (55. f3 Ndc6 (
55... Ne6 56. Nb3 f4 57. g4 Nd5+ $11) 56. Kf7) 55... Ng8+ 56. Kg6 Nxh6 57. Kxh6
Kc6 58. Kg6 Ne6 $1 $132) 48. Bd7 (48. Nc5 Ndc6 49. Nb3 Nd8 $11) 48... Ndc6 49.
Bxc6 Nxc6 50. Ke3 Ke7 51. Kd3 Kd6 52. Kc3 Kd5 53. Kd3 $11) 44. Nb3 b4 $2 (44...
Na7 45. Nc5 b4 46. Ba4 Nec6 47. Nxb7 Nxd4 48. Nc5 Kf6 49. a6 Ke7 $132 {still
offers some chances.}) 45. Kf3 Kf6 46. Ke3 $18 Na7 47. Kd3 f4 48. Kc4 (48. Kc2
$2 fxg3 49. fxg3 Nf5) 48... fxg3 (48... Nf5 49. Bxf5 Kxf5 50. Nc5 $18) 49. fxg3
{I should have resigned here.} Ng8 50. Kc5 Ke7 51. Bh3 Kd8 52. Kb6 Nc8+ 53.
Kxb7 Nd6+ 54. Kc6 Ne4 55. a6 Ne7+ 56. Kb6 Nd5+ 57. Kb7 Nxg3 58. a7 Nc7 59. Nc5
b3 60. Ne6+ (60. Ne6+ Ke7 61. Nxc7 b2 62. Nd5+ Kd6 63. Nc3 {catches the passer.
}) 1-0

[Event "Vojvodina op 9th"]
[Site "Novi Sad"]
[Date "2018.07.25"]
[Round "7"]
[White "Cabarkapa, Novak"]
[Black "Atalik, Suat"]
[Result "1/2-1/2"]
[WhiteElo "2439"]
[BlackElo "2509"]
[Annotator "Atalik,S"]
[PlyCount "19"]
[EventDate "2018.07.22"]
[EventType "swiss"]
[EventRounds "9"]
[EventCountry "YUG"]
[SourceTitle "CBM 186"]
[Source "ChessBase"]
[SourceDate "2018.09.14"]
[SourceVersion "1"]
[SourceVersionDate "2018.09.14"]
[SourceQuality "1"]

1. e4 e6 2. d4 d5 3. exd5 exd5 4. Nc3 Bb4 (4... c6 $142) 5. Bd3 Nc6 6. Nge2 (6.
a3 Ba5) 6... Nge7 7. O-O Bf5 $11 8. a3 Bd6 9. h3 Qd7 10. Nb5 1/2-1/2